000 01950cam a2200133 4500500
005 20260308001751.0
041 _afre
042 _adc
100 1 0 _aDe Kerviler, Gwarlann
_eauthor
245 0 0 _aRéussir son marketing d'influence : Comment faire collaborer marques, influenceurs et communautés sur les réseaux sociaux
260 _bDunod,
_c2025.
520 _aÀ l’ère des réseaux sociaux, l’influence a pris une ampleur inédite dans les stratégies de communication. Qu’elle soit au service de l’imaged’une marque, d’une personne ou d’une cause, l’influence est devenue un média à part entière qu’il convient de maîtriser.Étayé de nombreux témoignages de professionnels et de créateurs de contenus, de cas d’entreprises et d’outils pratiques, cet ouvrage permet aux managers, marketeurs et autoentrepreneurs de comprendre et de s’approprier les mécanismes du marketing d’influence en vue de concevoir, structurer et piloter des campagnes efficaces.La mise en lumière des différents profils de créateurs de contenus, de leurs motivations et de leurs obligations vous donne les clés pour:choisir des partenaires selon vos objectifs (notoriété, engagement, conversion, etc.) ;trouver la bonne forme de collaboration (partenariat ponctuel, cocréation de contenu, campagne multi-influenceurs, etc.) ;ajuster vos outils (brief créatif, suivi et mesure des performances, etc.). Gwarlann de Kerviler est professeure permanente de marketing à l’IÉSEG School of Management et diplômée de l’ESSEC (MSc), Harvard Business School (MBA) et Dauphine Université (PhD). Elle est reconnue pour son expertise du marketing digital et d’influence, nourrie par ses recherches et expériences en tant que responsable de marque, en France et aux États-Unis.
856 4 1 _uhttps://shs.cairn.info/reussir-son-marketing-dinfluence--9782100881024?lang=fr&redirect-ssocas=7080
999 _c1677248
_d1677248